|
|
|
|
| LEADER |
00711nam a2200217Ia 4500 |
| 001 |
CTU_125729 |
| 008 |
210402s9999 xx 000 0 und d |
| 020 |
|
|
|c 42.46
|
| 082 |
|
|
|a 808.3
|
| 082 |
|
|
|b D344
|
| 100 |
|
|
|a Delbanco, Nicholas
|
| 245 |
|
4 |
|a The sincerest form writing fiction by imitation :
|
| 245 |
|
0 |
|b Writing fiction by imitation
|
| 245 |
|
0 |
|c Nicholas Delbanco
|
| 260 |
|
|
|a Boston
|
| 260 |
|
|
|b McGraw-Hill
|
| 260 |
|
|
|c 2004
|
| 650 |
|
|
|a English language,Fiction,Creative writing,College readers
|
| 650 |
|
|
|x Rhetoric,Problems, exercises, etc.,Technique,Problems, exercises, etc.,Problems, exercises, etc.
|
| 904 |
|
|
|i Giang
|
| 980 |
|
|
|a Trung tâm Học liệu Trường Đại học Cần Thơ
|